000 00795nam a2200229Ii 4500
003 JO-AjNU
008 230605s9999||||xx |||||||||||||| ||und||
017 _a1996/4155
020 _a977-19-0533-3
040 _aJO-AjNU
_bara
_erda
_cJO-AjNU
041 _aara
050 1 4 _aKMY480.A7764 1996
100 3 _aعيدروس، أحمد زين، م.مشارك عبد الحكيم محسن عطروش,
_eauthor
_947374
245 0 0 _aدخول وإقامة الأجانب في تشريع الجمهورية اليمنية
250 _aط1
264 3 1 _aد.م: د.ن، 1996
300 _a63ص
336 _atext
_btxt
_2rdacontent
337 _aunmediated
_bn
_2rdamedia
338 _avolume
_bnc
_2rdacarrier
650 4 _aالقانون اليمني - دخول واقامة الاجانب
_947375
999 _aA20676
_c24244
_d24244